Alejandro korn : filosofo de la libertad /

Guardado en:
Autor Principal: Romero, Francisco
Formato: Libro
Publicado: Buenos Aires : Reconstruir, 1956
Materias:
Etiquetas: Agregar Etiqueta
Sin Etiquetas, Sea el primero en etiquetar este registro!
LEADER 00551nam a22001815a 4500
001 EHU.bham024342
003 AR-BHAM
005 20130507142813.0
008 130507s1956##################000#0#####d
082 9 2 |a 921 
100 1 |a Romero, Francisco 
245 1 0 |a Alejandro korn :  |b filosofo de la libertad /  |c Francisco Romero 
260 |a Buenos Aires :  |b Reconstruir,  |c 1956 
300 |a 58 p. 
653 |a Donacion lejarraga 
653 |a Biografias de filosofos 
653 |a Filosofia argentina 
859 |a AR-BHAM  |b BIB. HUMANIDADES - General  |h 921  |i K842R-1  |p 129.02  |t Ej.1